000 01241nam a2200373 i 4500
001 11583
003 KOSZ 005
005 20240405063007.0
008 070825s1968 pl f 000 0 pol
040 _aWA N
_cWA N
_dKOSZ 005/RW
_dKOSZ 005/HR
046 _k1968
080 _a35(438)
080 _a338.98(438)
100 1 _aRybicki, Zygmunt
_d(1925-1989)
_eAutor
245 1 0 _aAdministracyjno-prawne zagadnienia gospodarki planowej /
_cZygmunt Rybicki.
260 _aWarszawa :
_bPaństwowe Wydawnictwo Naukowe,
_c1968.
300 _a329, [3] s. :
_berr. ;
_c23 cm.
336 _2rdacontent
_aTekst
_btxt
337 _2rdamedia
_aBez urządzenia pośredniczącego
_bn
338 _2rdacarrier
_aWolumin
_bnc
380 _aKsiążki
388 _a1901-2000
388 _a1945-1989
648 4 _a1901-2000
648 4 _a1945-1989
650 4 _aPrawo administracyjne
650 4 _aPrawo gospodarcze
651 7 _aPolska
658 _aHistoria
658 _aPrawo i wymiar sprawiedliwości
710 2 _aPaństwowe Wydawnictwo Naukowe
_4pbl.
856 _uhttp://koha.tu.koszalin.pl/cgi-bin/koha/opac-detail.pl?biblionumber=11565
_yKatalog online BPK
942 _2UKD
_cKS
999 _c11565
_d11565